00783nam a2200193 a 450000500170000000800410001705000230005824500840008126000860016530000120025144000530026350000380031652000170035465000690037165000390044065000410047965000600052070000090058020140414093839.0040310s19uu xx 00 eng d aVHS 370bOR 12 t.1 aAt work in the differentiated classroom :bplanning Curriculum and instruction. aAlexandria, Va :bAssociation for Supervision and Curriculum Development,cc2001. a45 min. aAt work in the differentiated classroom ; tape 1 aFacilitator's guide, Tapes 1,2,3. aLibrary has: aCurriculum planning (Differentiated instruction)xUnited States. aEffective teachingxUnited States. aAcademic achievementxUnited States. aResearch-based instructional strategiesxUnited States. aASCD